000
00318nam a2200157Ia 4500
100
_a
Welsh/ Matt
250
_a
3
942
_c
BK
654
_a
Running Linux
245
_a
Running Linux
260
_b
Oreilly & Ass Inc
_c
1999
082
_a
005.133'L'
_b
WEL/
300
_a
730
546
_a
ENGLISH
999
_c
26911
_d
26911